| 000 | 01229nam a22001457a 4500 | ||
|---|---|---|---|
| 999 |
_c531371 _d531371 |
||
| 008 | 250822b ||||| |||| 00| 0 eng d | ||
| 100 |
_aCoelho, Joanna Pereira and Nilofer, N. _956272 |
||
| 245 | _aAgency, Accommodation and negotiations: The dialectics of non-assimilation for economic relations between tibetan refugee and Indian hosts | ||
| 260 | _aVikalpa: The Journal for Decision Makers | ||
| 300 | _a50(2), Apr-Jun, 2025: p131-139 | ||
| 520 | _aOne of the hallmarks of the Tibetan exile situation is that it has been organised on the principle of non-assimilation. This has allowed the Tibetan refugee to use their agency to ensure the sustenance of Tibetan culture and religion in exile. This is in keeping with Arendt’s apprehension that assimilation with the host society can lead to a dilution of the culture of the refugee. Through a qualitative study of Tibetan settlements in Karnataka and Goa, this paper enquires into the socio-economic consequences of the policy of non-assimilation for both the Tibetan refugees and the Indian hosts. - Reproduced | ||
| 650 |
_aNon-assimilation, conflict, refugee, accommodation, agency, tibetan _956273 |
||
| 773 | _0Vikalpa: The Journal for Decision Makers | ||
| 942 | _cAR | ||